[Event "Wch U20"]
[Site "Sharjah"]
[Date "1985.??.??"]
[Round "11"]
[White "Gunawan, Ronny"]
[Black "Howell, James C"]
[Result "1/2-1/2"]
[WhiteElo "2440"]
[BlackElo "2370"]

1.e4 c5 2.Nf3 d6 3.d4 cxd4 4.Nxd4 Nf6 5.Nc3 a6 6.Be3 e5 7.Nb3 Be6 8.Qd2 Nbd7
9.f4 b5 10.f5 Bc4 11.O-O-O Rb8 12.Qe1 Qc7 13.Bxc4 bxc4 14.Nd2 d5 15.exd5 Bb4
16.Ndb1 O-O 17.g4 Qb7 18.b3 cxb3 19.cxb3 Ne4 20.Kb2 Rfc8 21.Rc1 a5 22.Qd1 Nxc3
23.Nxc3 Bxc3+ 24.Rxc3 Rxc3 25.Kxc3 Nf6 26.Kb2 Nxd5 27.Re1 a4 28.Bc5 axb3
29.axb3 Nf4 30.Rxe5 Qg2+ 31.Kb1 Ra8 32.Ba3 h6 33.Bb2 Qxh2 34.Re1 Qg3 35.Rf1 Qe3
36.Qf3 Qxf3 37.Rxf3 Nd5 38.Rd3 Nf4 39.Rd4 g5 40.fxg6 Nxg6 41.b4 Rb8 42.Rc4 Ne7  1/2-1/2

[Event "Tirnavia"]
[Site "Trnava"]
[Date "1985.??.??"]
[Round "1"]
[White "Lanc, Alois"]
[Black "Szekely, Peter"]
[Result "1/2-1/2"]
[WhiteElo "2385"]
[BlackElo "2450"]

1.e4 c5 2.Nf3 d6 3.d4 cxd4 4.Nxd4 Nf6 5.Nc3 a6 6.Be3 e5 7.Nb3 Be7 8.f3 Be6
9.Qd2 Nbd7 10.O-O-O b5 11.Qf2 O-O 12.g4 b4 13.Nd5 Bxd5 14.exd5 a5 15.g5 Nh5
16.Rg1 Qc7 17.Nd2 a4 18.Kb1 Rfc8 19.Nc4 Qb7 20.b3 Nc5 21.Nxe5 axb3 22.cxb3 Nxb3
23.axb3 dxe5 24.d6 Rd8 25.Bc4 Rxd6 26.Rxd6 Bxd6 27.g6 hxg6 28.Rxg6 Qc7 29.Rg5 Qa5
30.Qb2  1/2-1/2

[Event "Tirnavia"]
[Site "Trnava"]
[Date "1985.??.??"]
[Round "6"]
[White "Mokry, Karel"]
[Black "Szekely, Peter"]
[Result "1-0"]
[WhiteElo "2490"]
[BlackElo "2450"]

1.e4 c5 2.Nf3 d6 3.d4 cxd4 4.Nxd4 Nf6 5.Nc3 a6 6.Be3 e5 7.Nf3 Qc7 8.a4 Be7
9.a5 Be6 10.Ng5 Bc4 11.Bxc4 Qxc4 12.Ra4 Qc6 13.Qd3 Qd7 14.O-O O-O 15.Nf3 Rc8
16.b3 Qc6 17.Rc4 Qe8 18.Rxc8 Qxc8 19.Nd2 h6 20.Nc4 Nbd7 21.Rd1 Qc6 22.f3 Rc8
23.Kh1 Bf8 24.Qe2 Re8 25.Rd3 Rc8 26.Qd1 Qc7 27.Bb6 Qb8 28.Bf2 Rc6 29.Na2 Rc8
30.Nb4 Nc5 31.Bxc5 Rxc5 32.Rd2 Qc7 33.Nd3 Rb5 34.Ndb2 Qc6 35.Nxd6 Rxa5 36.Ndc4 Rb5
37.Rd8 Qc7 38.Ra8 g6 39.Nd6 Rc5 40.Rc8 Qxc8 41.Nxc8 Rxc8 42.Nc4 Rc5 43.Qd8 b5
44.Qxf6 bxc4 45.b4 Rc7 46.h4 Rd7 47.Qxa6 Rd1+ 48.Kh2 Bxb4 49.Qxc4 Bf8 50.Qc8 Rd2
51.Qc3 Rd1 52.Kg3 Be7 53.Qe3 h5 54.Qa7 Bf6 55.c4 Rh1 56.Kf2 Rc1 57.c5 Bxh4+
58.Ke2 Rc2+ 59.Kd1 Rc4 60.Qc7 Kg7 61.c6 Bd8 62.Qxe5+ Bf6 63.Qd6 Bd8 64.Qd5  1-0

[Event "Bayern-ch"]
[Site "Bayern"]
[Date "1986.??.??"]
[Round "?"]
[White "Weiner, Oskar"]
[Black "Wachinger, Guenther"]
[Result "0-1"]
[WhiteElo "2245"]
[BlackElo "2295"]

1.e4 c5 2.Nf3 d6 3.d4 cxd4 4.Nxd4 Nf6 5.Nc3 a6 6.Be3 e5 7.Nb3 Be6 8.Qd2 Nbd7
9.f3 Be7 10.g4 b5 11.g5 b4 12.Ne2 Nh5 13.Ng3 Nf4 14.h4 h6 15.Bxf4 exf4 16.Nh5 Bxb3
17.axb3 g6 18.Nxf4 hxg5 19.Nd5 Ne5 20.Bg2 g4 21.f4 Bxh4+ 22.Ke2 Nc6 23.Nxb4 Nxb4
24.Qxb4 Rc8 25.c3 Qf6 26.Rxa6 Qxf4 27.Qd4 Rh5 28.Qg7 Qf2+ 29.Kd1 Bg5 30.Qg8+ Kd7
31.Ra7+ Qxa7 32.Qxf7+ Be7 33.Rxh5 gxh5 34.Bf1 Qc5 35.Bc4 Qe5  0-1

[Event "Budapest Spring op"]
[Site "Budapest"]
[Date "1986.??.??"]
[Round "?"]
[White "Ghinda, Mihail Viorel"]
[Black "Lechtynsky, Jiri"]
[Result "1-0"]
[WhiteElo "2430"]
[BlackElo "2445"]

1.e4 c5 2.Nf3 d6 3.d4 cxd4 4.Nxd4 Nf6 5.Nc3 a6 6.Be3 Nc6 7.Be2 g6 8.Nd5 Nxd5
9.exd5 Qa5+ 10.c3 Qxd5 11.Bf3 Qc4 12.Nxc6 bxc6 13.Qd4 Qxd4 14.Bxd4 Bd7 15.Bxh8 f6
16.h4 h5 17.g4 hxg4 18.Be4 Bh6 19.Bxg6+ Kf8 20.Rd1 Bf4 21.Rg1 Kg8 22.Bxf6 exf6
23.Rd4 Be5 24.Rdxg4 Bxg4 25.Rxg4 f5 26.Bxf5+ Kh8 27.f4 Bg7 28.Kd1 a5 29.Be6 d5
30.f5 d4 31.cxd4 Rd8 32.d5 cxd5 33.Kc2 Rb8 34.b3 Rb5 35.Rg6 Kh7 36.h5 Rc5+
37.Kd2 d4 38.a4 Rc3 39.Bg8+ Kh8 40.Bc4 Kh7 41.f6 Bf8 42.Bd3 Bb4 43.Ke2 Rxb3
44.Rg7+ Kh6 45.Rb7 Rb2+ 46.Kf3 Ba3 47.Rb5 Rh2 48.Rxa5 Rxh5 49.Rxh5+ Kxh5
50.a5 Kh6 51.Kf4  1-0

[Event "FRA-ch"]
[Site "Epinal"]
[Date "1986.??.??"]
[Round "14"]
[White "Birmingham, Eric"]
[Black "Renet, Jacques"]
[Result "0-1"]
[WhiteElo "2260"]
[BlackElo "2480"]

1.e4 c5 2.Nf3 d6 3.d4 cxd4 4.Nxd4 Nf6 5.Nc3 a6 6.Be3 e5 7.Nb3 Be6 8.Qd2 Nbd7
9.f3 Be7 10.g4 b5 11.g5 b4 12.Ne2 Nh5 13.Ng3 Nf4 14.h4 h6 15.Bxf4 exf4 16.Nh5 Bxb3
17.axb3 Kf8 18.g6 Ne5 19.O-O-O Nxg6 20.Nxf4 Nxh4 21.Bc4 Bg5 22.Kb1 Nxf3 23.Qf2 Bxf4
24.Qxf3 g5 25.e5 Ra7 26.Rxd6 Qe7 27.Qh5 Bxe5 28.Rxh6 Rxh6 29.Qxh6+ Bg7 30.Qb6 Rb7
31.Qc6 Rc7 32.Qa8+ Qe8 33.Qd5 Bf6 34.Rh7 Rd7 35.Qc5+ Kg8 36.Rh5 Qe7 37.Qf5 Rc7
38.Rh6 Rc5 39.Bxf7+ Kf8 40.Qf1 Kg7 41.Rxf6 Qxf6 42.Qg1 Qe5  0-1

[Event "Wch U20"]
[Site "Gausdal"]
[Date "1986.??.??"]
[Round "7"]
[White "Dimitrov, Vladimir"]
[Black "Staniszewski, Piotr"]
[Result "1-0"]
[WhiteElo "2400"]
[BlackElo "2420"]

1.e4 c5 2.Nf3 d6 3.d4 cxd4 4.Nxd4 Nf6 5.Nc3 a6 6.Be3 e5 7.Nb3 Be6 8.Qd2 Nbd7
9.f3 b5 10.g4 Be7 11.g5 b4 12.Ne2 Nh5 13.Ng3 Nf4 14.h4 O-O 15.Bxf4 exf4 16.Nh5 Ne5
17.Be2 d5 18.Qd4 Qc7 19.exd5 Bf5 20.Qd2 Bd6 21.Nd4 Bg6 22.Nxf4 Nxf3+ 23.Bxf3 Bxf4
24.Qxb4 Rae8+ 25.Kf1 Re3 26.Re1 Rb8 27.Rxe3 Bxe3 28.d6 Qa7 29.d7 Qc7 30.Qe7 Qd8
31.Nc6 Qxe7  1-0

[Event "Wch U20"]
[Site "Gausdal"]
[Date "1986.??.??"]
[Round "13"]
[White "Dimitrov, Vladimir"]
[Black "Howell, James C"]
[Result "1-0"]
[WhiteElo "2400"]
[BlackElo "2400"]

1.e4 c5 2.Nf3 d6 3.d4 cxd4 4.Nxd4 Nf6 5.Nc3 a6 6.Be3 e5 7.Nb3 Be6 8.Qd2 Nbd7
9.f3 Be7 10.g4 h6 11.O-O-O b5 12.h4 b4 13.Nd5 Bxd5 14.exd5 Nb6 15.Bxb6 Qxb6
16.Kb1 a5 17.Be2 a4 18.Nc1 Rc8 19.Qd3 Rc5 20.Qa6 Qxa6 21.Bxa6 Nxd5 22.Nd3 Ra5
23.Bb7 Ne3 24.Rde1 Ng2 25.Re4 Kd7 26.Nxb4 Nf4 27.Rd1 Ra7 28.Bc6+ Kc7 29.Rc4 Kb6
30.Nd5+ Nxd5 31.Rxd5 Bxh4 32.Bxa4 Rb7 33.Rb5+ Ka7 34.Ra5+ Kb6 35.b4 Re7 36.Rc6+ Kb7
37.Rxd6 e4 38.Rda6 Rb8 39.fxe4 Bf2 40.Rd6 Rxe4 41.Rd7+ Kc8 42.a3 Bb6 43.Rf5 Ra8
44.Bc6 Rxa3 45.Kb2 Rae3 46.Rfxf7 Rxb4+ 47.Ka2 Bc5 48.Bb7+ Kb8 49.Rd8+ Ka7
50.Bd5+ Ka6 51.Ra8+ Kb5 52.c4+ Rxc4 53.Rb7+ Bb6 54.Bxc4+ Kxc4 55.Rxb6 Re2+
56.Rb2 Rxb2+ 57.Kxb2 Kd5 58.Ra4  1-0

[Event "EU-ch U20"]
[Site "Groningen"]
[Date "1986.??.??"]
[Round "?"]
[White "Gdanski, Jacek"]
[Black "Howell, James C"]
[Result "1/2-1/2"]
[WhiteElo "2290"]
[BlackElo "2400"]

1.e4 c5 2.Nf3 d6 3.d4 cxd4 4.Nxd4 Nf6 5.Nc3 a6 6.Be3 e5 7.Nb3 Be6 8.Qd2 Nbd7
9.f3 b5 10.a4 b4 11.Nd5 Bxd5 12.exd5 Nb6 13.Bxb6 Qxb6 14.a5 Qb7 15.Bc4 Be7
16.Ra4 Rb8 17.Qd3 Ra8 18.Qd2 Rb8 19.Qc3 Ra8  1/2-1/2

[Event "Havana-B"]
[Site "Havana"]
[Date "1986.??.??"]
[Round "?"]
[White "Spraggett, Kevin"]
[Black "Ortega, Lexy"]
[Result "1-0"]
[WhiteElo "2535"]
[BlackElo "2440"]

1.e4 c5 2.Nf3 d6 3.d4 cxd4 4.Nxd4 Nf6 5.Nc3 a6 6.Be3 e5 7.Nf3 Be7 8.Bc4 O-O
9.Qe2 Qc7 10.O-O-O Be6 11.Bxe6 fxe6 12.Ng5 Qc8 13.Na4 Nbd7 14.Nxe6 Re8 15.Nc3 Qc6
16.f3 h6 17.g4 Kf7 18.g5 Kxe6 19.gxf6 Nxf6 20.Rhg1 Bf8 21.Rg6 Kf7 22.Rdg1 Re6
23.Qg2 Rc8 24.Rxg7+ Bxg7 25.Qxg7+ Ke8 26.Bxh6  1-0

[Event "HUN-ch"]
[Site "?"]
[Date "1986.??.??"]
[Round "?"]
[White "Perenyi, Bela"]
[Black "Szekely, Peter"]
[Result "1/2-1/2"]
[WhiteElo "2415"]
[BlackElo "2430"]

1.e4 c5 2.Nf3 d6 3.d4 cxd4 4.Nxd4 Nf6 5.Nc3 a6 6.Be3 e5 7.Nb3 Be6 8.Nd5 Nbd7
9.f3 Nxd5 10.exd5 Bf5 11.g4 Bg6 12.h4 h5 13.g5 Nb6 14.Bxb6 Qxb6 15.Bd3 Bxd3
16.Qxd3 g6 17.O-O-O Bg7 18.Nd2 O-O 19.Ne4 Rfd8 20.Kb1 Rac8 21.c4 Qd4 22.b3 Qb6
23.Rc1 a5 24.a3 Qa6 25.Rhd1 b6 26.Rc3 Rc7 27.Rdc1 Ra7 28.R3c2 Bf8 29.Nf6+ Kh8
30.Rg2 Qc8 31.Rh2 Rb7 32.Rcc2 Be7 33.Ka2 Rf8 34.f4 exf4 35.Qd4 Qc5 36.Qxf4 Bxf6
37.gxf6 Kh7 38.Rhg2 Rg8 39.Rg5 Rbb8 40.Re2 Rbf8 41.a4 Qb4 42.Qf3 Kh6 43.Qe3 Kh7
44.Qd3 Kh6 45.Re7 Qc5 46.Qd2 Kh7 47.Qf4 Qb4 48.Qe3 Qc5 49.Qd2 Qc8 50.Qe2 Kh6
51.Qe3 Kh7 52.Qf3 Kh6 53.Qf4 Kh7 54.Qxd6 Qh3 55.Qg3 Qf1 56.Ree5 Qxf6 57.Rxh5+ Kg7
58.Rhf5 Qd6 59.h5 Rh8 60.Rg5 Rh6 61.hxg6 fxg6 62.Re2 Qf6 63.Rge5 Rh1 64.Re7+ Rf7
65.Rxf7+ Kxf7 66.Qc7+ Kf8 67.Qe5 Qxe5 68.Rxe5 Rh2+ 69.Ka3 Kf7 70.Re6 g5 71.Rxb6 g4
72.Re6 g3 73.Re1 Rf2 74.Re3 g2 75.Rg3 Ke7 76.Rg6 Rc2 77.Rg8 Kd7 78.Rg6 Ke7
79.Rg4 Kd7 80.Rg8 Ke7 81.c5 Rxc5 82.Rxg2 Rxd5 83.Kb2 Kd6 84.Rg6+ Kc7 85.Kc3 Kb7
86.Kc4 Rh5 87.Rd6 Rh4+ 88.Rd4 Rh3 89.Rd3 Rh4+ 90.Kc5  1/2-1/2

[Event "Lvov Int"]
[Site "Lvov"]
[Date "1986.??.??"]
[Round "?"]
[White "Malaniuk, Vladimir P"]
[Black "Shneider, Aleksandr"]
[Result "1/2-1/2"]
[WhiteElo "2495"]
[BlackElo "2480"]

1.e4 c5 2.Nf3 d6 3.d4 cxd4 4.Nxd4 Nf6 5.Nc3 a6 6.Be3 e6 7.Qd2 b5 8.f3 Bb7
9.g4 Nc6 10.O-O-O Rc8 11.Kb1 Nd7 12.Nxc6 Bxc6 13.Bd3 Ne5 14.Qf2 Be7 15.h4 Qc7
16.Bb6 Qb7 17.Bd4 O-O 18.Ne2  1/2-1/2

[Event "Philadelphia op"]
[Site "Philadelphia"]
[Date "1986.??.??"]
[Round "?"]
[White "Sax, Gyula"]
[Black "Pinter, Jozsef"]
[Result "1-0"]
[WhiteElo "2545"]
[BlackElo "2555"]

1.e4 c5 2.Nf3 d6 3.d4 cxd4 4.Nxd4 Nf6 5.Nc3 a6 6.Be3 e6 7.Qd2 Be7 8.f3 Nc6
9.O-O-O Qc7 10.g4 Nd7 11.g5 b5 12.h4 Bb7 13.Nxc6 Bxc6 14.Qd4 O-O-O 15.a4 Qb7
16.axb5 axb5 17.Qb4 Ne5 18.Nxb5 d5 19.Qc3 f6 20.exd5 exd5 21.Bd4 Kd7 22.Bxe5 fxe5
23.Qxe5 Ra8 24.Bh3+ Kd8 25.Nd4 Ra1+ 26.Kd2 Qb4+ 27.Ke3 Bc5 28.Qd6+ Bxd6 29.Nxc6+ Kc7
30.Nxb4 Rf8 31.Kf2 Bc5+ 32.Kg3 Rxd1 33.Na6+ Kb6 34.Rxd1 Kxa6 35.Rxd5  1-0

[Event "URS-ch U20"]
[Site "Tallinn"]
[Date "1986.??.??"]
[Round "?"]
[White "Yakovich, Yuri"]
[Black "Pigusov, Evgeny"]
[Result "1/2-1/2"]
[WhiteElo "2480"]
[BlackElo "2495"]

1.e4 c5 2.Nf3 d6 3.d4 cxd4 4.Nxd4 Nf6 5.Nc3 a6 6.Be3 e5 7.Nf3 Qc7 8.a4 b6
9.Bg5 Nbd7 10.Nd2 h6 11.Bxf6 Nxf6 12.Bc4 Be6 13.Qe2 Qb7 14.O-O Be7 15.Rfd1 O-O
16.f3 Rfd8 17.Nf1 d5 18.Nxd5 Nxd5 19.Bxd5 Bxd5 20.Rxd5 Rxd5 21.exd5 Qxd5
22.Rd1 Qe6 23.Ne3 Bc5 24.Kh1 Bxe3 25.Qxe3 Rc8 26.c3 Qc6 27.Qxe5 Qxa4 28.Re1 Qd7
29.h3 Rd8 30.Qe3 Qd6  1/2-1/2

[Event "Yerevan"]
[Site "Yerevan"]
[Date "1986.??.??"]
[Round "?"]
[White "Donchev, Dimitar I"]
[Black "Grigorian, Karen Ashotovich"]
[Result "1/2-1/2"]
[WhiteElo "2440"]
[BlackElo "2405"]

1.e4 c5 2.Nf3 d6 3.d4 cxd4 4.Nxd4 Nf6 5.Nc3 a6 6.Be3 e6 7.Be2 Be7 8.O-O O-O
9.f4 Qc7 10.g4 d5 11.e5 Ne4 12.Qe1 f6 13.Nxe4 dxe4 14.Qg3 Nc6 15.Nxc6 Qxc6
16.c3 Bd7 17.exf6 Bxf6 18.Rad1 Rf7 19.Rf2 Raf8 20.g5 Bd8  1/2-1/2

[Event "Zenica"]
[Site "Zenica"]
[Date "1986.??.??"]
[Round "1"]
[White "Marjanovic, Slavoljub"]
[Black "Sunye Neto, Jaime"]
[Result "1/2-1/2"]
[WhiteElo "2515"]
[BlackElo "2515"]

1.e4 c5 2.Nf3 d6 3.d4 cxd4 4.Nxd4 Nf6 5.Nc3 a6 6.Be3 e5 7.Nb3 Be6 8.Nd5 Nbd7
9.f3 Bxd5 10.exd5 Nh5 11.Qd2 b6 12.Qb4 Be7 13.O-O-O O-O 14.Kb1 Nc5 15.g4  1/2-1/2

[Event "Zenica"]
[Site "Zenica"]
[Date "1986.??.??"]
[Round "8"]
[White "Zapata, Alonso"]
[Black "Sunye Neto, Jaime"]
[Result "0-1"]
[WhiteElo "2495"]
[BlackElo "2515"]

1.e4 c5 2.Nf3 d6 3.d4 cxd4 4.Nxd4 Nf6 5.Nc3 a6 6.Be3 e5 7.Nb3 Be7 8.f3 Qc7
9.Qd2 Nbd7 10.a4 b6 11.Nc1 Bb7 12.N1a2 O-O 13.Be2 Rac8 14.Nb4 a5 15.Nbd5 Nxd5
16.exd5 f5 17.O-O f4 18.Bf2 Rf6 19.Rfc1 Rh6 20.Nb5 Qd8 21.Na7 Bh4 22.Bb5 Bxf2+
23.Qxf2 Ra8 24.Nc6 Qg5 25.b4 axb4 26.a5 e4 27.fxe4 Nc5 28.Qf3 bxa5 29.Nxa5 Rf8
30.Nb3 Nxe4 31.Bc6 Qh4 32.Qxe4 Qxh2+ 33.Kf1 f3 34.gxf3 Rg6  0-1

[Event "Bath zt"]
[Site "Bath"]
[Date "1987.??.??"]
[Round "?"]
[White "Mestel, A Jonathan"]
[Black "Chandler, Murray G"]
[Result "0-1"]
[WhiteElo "2520"]
[BlackElo "2595"]

1.e4 c5 2.Nf3 d6 3.d4 cxd4 4.Nxd4 Nf6 5.Nc3 a6 6.Be3 e6 7.a4 b6 8.Bc4 Be7
9.Ba2 O-O 10.f4 Bb7 11.Qf3 Nbd7 12.f5 e5 13.Nde2 b5 14.O-O bxa4 15.Bd5 Bxd5
16.exd5 Nb6 17.Kh1 Rc8 18.Ra2 Re8 19.Rd1 Nc4 20.Bc1 e4 21.Qh3 Qb6 22.Nd4 a3
23.b3 Ne5 24.Na4 Qa5 25.Rxa3 Nxd5 26.Bd2 Qc7 27.Nb2 Qb6 28.Ba5 Qc5 29.Raa1 Bf6
30.c4 Nf4 31.Qe3 Nfd3 32.Nxd3 exd3 33.Bc3 Nc6 34.Qxd3 Nxd4 35.Bxd4 Bxd4 36.Qxd4 Re1+
37.Rxe1 Qxd4 38.Rxa6 g6 39.fxg6 hxg6  0-1

[Event "Belgrade (Women)"]
[Site "Belgrade"]
[Date "1987.??.??"]
[Round "3"]
[White "Makropoulou, Marina"]
[Black "Litinskaya, Marta I"]
[Result "1-0"]
[WhiteElo "2270"]
[BlackElo "2415"]

1.e4 c5 2.Nf3 d6 3.d4 cxd4 4.Nxd4 Nf6 5.Nc3 a6 6.Be3 e6 7.Qd2 b5 8.a3 Bb7
9.f3 Nbd7 10.g4 Nb6 11.Qf2 Nc4 12.Bxc4 bxc4 13.g5 Nd7 14.h4 Be7 15.O-O-O Qa5
16.Rdg1 g6 17.h5 O-O-O 18.Nde2 Kb8 19.f4 Rhf8 20.hxg6 hxg6 21.Rh7 Rc8 22.f5 Nc5
23.fxg6 fxg6 24.Qh2 Qd8 25.Qh6 Rf3 26.Bxc5 Rxc5 27.Rh8 Rf8 28.Rxf8 Qxf8 29.Qxg6 Bc8
30.Kb1 Qf2 31.Qg7 Bd8 32.g6 Bf6 33.Qf8 Qh4 34.g7 Bxg7 35.Qxd6+  1-0

[Event "AdW-Turnier"]
[Site "Berlin-Ost"]
[Date "1987.??.??"]
[Round "?"]
[White "Tischbierek, Raj"]
[Black "Goehler, Antje"]
[Result "1-0"]
[WhiteElo "2480"]
[BlackElo "2220"]

1.e4 c5 2.Nf3 d6 3.d4 cxd4 4.Nxd4 Nf6 5.Nc3 a6 6.Be3 e5 7.Nf3 Be7 8.Bc4 Be6
9.Bxe6 fxe6 10.Ng5 Qd7 11.Qf3 d5 12.exd5 exd5 13.O-O-O d4 14.Nce4 O-O 15.Bd2 Nc6
16.h4 Rad8 17.Nxf6+ Rxf6 18.Qd3 g6 19.h5 Qd5 20.Kb1 Nb4 21.Bxb4 Bxb4 22.Ne4 Rb6
23.hxg6 Rxg6 24.Rxh7 Qc6 25.Rdh1 Bf8 26.Rh8+ Kf7 27.R1h7+ Rg7 28.Rh6 Qb5
29.Nd6+  1-0

[Event "Berlin op"]
[Site "Berlin-West"]
[Date "1987.??.??"]
[Round "?"]
[White "Szalanczy, Emil"]
[Black "Dietze, Frank"]
[Result "1-0"]
[WhiteElo "2385"]
[BlackElo "2240"]

1.e4 c5 2.Nf3 d6 3.d4 cxd4 4.Nxd4 Nf6 5.Nc3 a6 6.Be3 e5 7.Nb3 Be6 8.Qd2 Nbd7
9.f3 b5 10.O-O-O b4 11.Nd5 Bxd5 12.exd5 Nb6 13.Qxb4 Nbxd5 14.Qa4+ Qd7 15.Qxd7+ Kxd7
16.Bf2 g6 17.Bc4 Bh6+ 18.Kb1 Nf4 19.Be3 Rhc8 20.Bxf7 a5 21.g3 a4 22.gxf4 Ke7
23.Bd5 Nxd5 24.Rxd5 axb3 25.axb3 Ra6 26.c3 Rca8 27.Kc2 Ra1 28.Rdd1 Rxd1 29.Rxd1 Rf8
30.Kd3 Bxf4 31.b4 Ke6 32.Ke2 Rf7 33.Bxf4 Rxf4 34.Ke3 g5 35.Rg1 h6 36.Rg4 Rf8
37.h4 Kf5 38.hxg5 hxg5 39.b5 d5 40.Rb4 Rb8 41.b3 Ke6 42.c4 Kd6 43.b6 dxc4
44.bxc4 Kc5 45.Rb1 Kxc4 46.Ke4 Kc5 47.b7 Kd6 48.Rb3 Kc7 49.Kxe5 Re8+ 50.Kf5 Kb8
51.Kxg5 Rg8+ 52.Kf4  1-0

[Event "Noviki-D"]
[Site "Budapest"]
[Date "1987.??.??"]
[Round "?"]
[White "Haag, Ervin"]
[Black "Orso, Miklos"]
[Result "1/2-1/2"]
[WhiteElo "2415"]
[BlackElo "2360"]

1.e4 c5 2.Nf3 d6 3.d4 cxd4 4.Nxd4 Nf6 5.Nc3 a6 6.Be3 e6 7.Qd2 b5 8.f3 Nbd7
9.O-O-O Bb7 10.g4 h6 11.Bd3 Ne5 12.h4 b4 13.Nce2 d5 14.exd5 Qxd5 15.Kb1 Nxf3
16.Nxf3 Qxf3 17.Rhf1 Qc6 18.Nd4 Qd7 19.Nxe6 Qxe6 20.Rxf6 Qxf6 21.Bf5 Bd6
22.Bd4 Qe7 23.Bxg7 Rg8 24.Re1 Rxg7 25.Rxe7+ Kxe7 26.Qe3+ Kf8 27.Qb6 Be7 28.Qxb7 Rd8
29.c4 bxc3 30.bxc3 Bxh4 31.Qxa6 h5 32.Qh6 Bg5 33.Qh8+ Rg8 34.Qxh5 Rd6 35.Qh1 Rd2
36.Bc2 Rf2 37.Qd5  1/2-1/2

[Event "Coimbatore"]
[Site "Coimbatore"]
[Date "1987.??.??"]
[Round "?"]
[White "Vasiukov, Evgeni"]
[Black "Zaichik, Gennadi"]
[Result "0-1"]
[WhiteElo "2490"]
[BlackElo "2490"]

1.e4 c5 2.Nf3 d6 3.d4 cxd4 4.Nxd4 Nf6 5.Nc3 a6 6.Be3 Nbd7 7.g4 d5 8.g5 Nxe4
9.Nxe4 dxe4 10.Bg2 Ne5 11.Bxe4 Nc4 12.Qf3 e5 13.Ne2 Nxe3 14.fxe3 Bc5 15.Bc6+ bxc6
16.Qxc6+ Bd7 17.Qxc5 Qxg5 18.Rg1 Qe7 19.Qxe7+ Kxe7 20.Rxg7 Bf5 21.Rg2 Bxc2
22.Nc3 Bd3 23.Rd1 Rhd8 24.Rgd2 Bc4 25.b3 Rxd2 26.Rxd2 Be6 27.Nd5+ Bxd5 28.Rxd5 Ke6
29.Ra5 Kf5 30.Ra4 Rc8 31.Rxa6 Rc2 32.a4 Ke4 33.a5 Kxe3 34.Kd1 Ra2 35.b4 Kd3
36.Rd6+ Kc3 37.Rb6 f5 38.a6 f4 39.b5 f3 40.Ke1 Kd3 41.Rd6+ Ke3 42.Kd1 f2
43.Rf6 Ra5 44.Kc2 Rxb5 45.a7 Ra5 46.Rf5 Rxa7 47.Rxe5+ Kf4 48.Re8 Rf7  0-1

[Event "HUN-ch op"]
[Site "Eger"]
[Date "1987.??.??"]
[Round "?"]
[White "Szalanczy, Emil"]
[Black "Piesina, Gintautas"]
[Result "1/2-1/2"]
[WhiteElo "2210"]
[BlackElo "2370"]

1.e4 c5 2.Nf3 d6 3.d4 cxd4 4.Nxd4 Nf6 5.Nc3 a6 6.Be3 e6 7.g4 e5 8.Nf5 g6
9.Qe2 gxf5 10.exf5 Bd7 11.O-O-O Bc6 12.Rg1 Qa5 13.Kb1 Nbd7 14.g5 Nd5 15.Rxd5 Bxd5
16.Nxd5 Qxd5 17.Bg2 Qb5 18.c4 Qb4 19.Bd5 Nb6 20.a3 Qb3 21.Bxb6 Qxb6 22.f6 O-O-O
23.Ka2 Rd7 24.Rg3 Rc7 25.Rb3 Qa7 26.Qh5 b6 27.h4 Kb8 28.f4 exf4 29.Qf3 h6
30.Qxf4 hxg5 31.hxg5 Rd7 32.Qd4 Kc7 33.Re3 Qb8 34.Qd1 Rh2 35.Qe1 b5 36.Re8 Qb6
37.Rxf8 bxc4 38.Qc3 Qb3+ 39.Qxb3 cxb3+ 40.Kxb3 Rh5 41.Bxf7 Rxg5 42.Be6 Rd8
43.Rf7+ Kc6 44.Rg7 Rh5 45.Kc3 d5 46.Ra7 d4+ 47.Kd3 Rh2 48.Rxa6+ Kb7 49.Ra4 Rf2
50.Rxd4  1/2-1/2

[Event "Arnold Cup"]
[Site "Gausdal"]
[Date "1987.??.??"]
[Round "?"]
[White "Wedberg, Tom"]
[Black "Bjerke, Richard"]
[Result "1/2-1/2"]
[WhiteElo "2480"]
[BlackElo "2295"]

1.e4 c5 2.Nf3 d6 3.d4 cxd4 4.Nxd4 Nf6 5.Nc3 a6 6.Be3 e5 7.Nb3 Be6 8.Nd5 Nxd5
9.exd5 Bf5 10.Qd2 Nd7 11.Na5 Qc7 12.c4 Be7 13.Be2 O-O 14.O-O Bg6 15.b4 f5
16.f4 Rae8 17.Rac1 Bd8 18.Nb3 b6 19.Kh1 Nf6 20.c5 Bf7 21.Bxa6 Nxd5 22.cxb6 Qd7
23.Bc8 Qb5 24.b7 Nxe3 25.Qxe3 Bd5 26.Rfd1 Bxb7 27.Bxb7 Qxb7 28.Qd2 exf4 29.Qd5+ Rf7
30.Qxb7 Rxb7 31.a3 Ra7 32.Nd4 Rxa3 33.Nxf5 Bf6 34.Nxd6 Rd8 35.Ne4 Rxd1+ 36.Rxd1 Rb3
37.Nxf6+ gxf6 38.Kg1 Rxb4 39.Rd7 Rb2  1/2-1/2

[Event "Dreszer mem"]
[Site "Gdynia"]
[Date "1987.??.??"]
[Round "2"]
[White "Gdanski, Jacek"]
[Black "Stratil, Ladislav Jr"]
[Result "0-1"]
[WhiteElo "2300"]
[BlackElo "2370"]

1.e4 c5 2.Nf3 d6 3.d4 cxd4 4.Nxd4 Nf6 5.Nc3 a6 6.Be3 e5 7.Nb3 Be7 8.f3 Be6
9.Qd2 Nbd7 10.Nd5 Nxd5 11.exd5 Bf5 12.Na5 Qc7 13.c4 O-O 14.Be2 e4 15.f4 Bh4+
16.g3 Bd8 17.Nb3 Nf6 18.h3 h5 19.Nd4 Qd7 20.Nxf5 Qxf5 21.O-O-O b5 22.g4 Qc8
23.gxh5 bxc4 24.Qc3 Rb8 25.Bd4 Qf5 26.Rhg1 Re8 27.Qe3 Nxd5 28.Rxg7+ Kf8 29.Qg3 Bb6
30.Bxb6 Rxb6 31.h6 Qxf4+ 32.Qxf4 Nxf4 33.Bxc4 d5 34.Bxd5 Rc8+ 35.Kb1 Nxd5
36.Rxd5 Rxh6 37.Rg3 Rf6 38.a3 Rf2 39.Re5 Re2 40.h4 Rb8 41.b4 Rd8 42.Kc1 f6
43.Re6 Kf7 44.Rxa6 e3 45.Rf3 Re1+ 46.Kc2 Rd2+ 47.Kb3 Rb1+ 48.Ka4 e2 49.Rfxf6+ Ke7
50.Rfe6+ Kd7 51.Rg6 e1=Q 52.Rg7+ Ke8 53.Ra8+ Rd8 54.Rg8+ Kf7 55.Raxd8 Qe7
56.Rgf8+ Qxf8 57.Rxf8+ Kxf8 58.Kb5 Ke7  0-1

[Event "Dreszer mem"]
[Site "Gdynia"]
[Date "1987.??.??"]
[Round "5"]
[White "Gdanski, Jacek"]
[Black "Borkowski, Franciszek"]
[Result "1-0"]
[WhiteElo "2300"]
[BlackElo "2450"]

1.e4 c5 2.Nf3 d6 3.d4 cxd4 4.Nxd4 Nf6 5.Nc3 a6 6.Be3 e6 7.f4 b5 8.e5 dxe5
9.fxe5 Nd5 10.Nxd5 Qxd5 11.Be2 Qxe5 12.Qd2 Bb7 13.Bf4 Qc5 14.O-O-O Be7 15.Nb3 Qc8
16.Bd6 Qd8 17.Qb4 Bd5 18.Rxd5 exd5 19.Bxb5+ axb5 20.Bxe7 Nc6 21.Qxb5 Kxe7
22.Qxc6 Re8 23.Rd1 Kf8 24.Kb1 Qh4 25.h3 Qe4 26.Qxd5 Rad8 27.Qc5+ Kg8 28.Rxd8 Rxd8
29.a3 Qxg2 30.Qe7 Ra8 31.Qd7 h5 32.a4 g5 33.a5 g4 34.hxg4 Qxg4 35.Qc6 Rc8
36.Qb7 h4 37.a6 h3 38.a7 h2 39.Nc1 Kg7 40.Qd5 Rh8 41.a8=Q Rxa8 42.Qe5+ Kg6
43.Qxh2 f5 44.Qh1 Qa4 45.Qg1+ Kf7  1-0

[Event "Baden/Wuert-NordD"]
[Site "Germany"]
[Date "1987.??.??"]
[Round "2"]
[White "Meyer, Claus Dieter"]
[Black "Bialas, Wolfram"]
[Result "1/2-1/2"]
[WhiteElo "2335"]
[BlackElo "2360"]

1.e4 c5 2.Nf3 d6 3.d4 cxd4 4.Nxd4 Nf6 5.Nc3 a6 6.Be3 e6 7.Qd2 b5 8.f3 Nbd7
9.O-O-O Bb7 10.g4 Nb6 11.g5 Nfd7 12.Bd3 Qc7 13.Kb1 b4 14.Nce2 d5 15.exd5 Nxd5
16.Nf4 Nxe3 17.Qxe3 Qe5 18.Be4 Bxe4 19.fxe4 Bc5 20.Nfe2 Nb6 21.h4 O-O-O 22.c3 bxc3
23.Qxc3 Kb7 24.Ka1 h6 25.Rhf1 Rd7 26.g6 fxg6 27.Nxe6  1/2-1/2

[Event "Halle-B"]
[Site "Halle"]
[Date "1987.??.??"]
[Round "4"]
[White "Kovalev, Andrei"]
[Black "Kuba, Stanislav"]
[Result "1-0"]
[WhiteElo "2400"]
[BlackElo "2380"]

1.e4 c5 2.Nf3 d6 3.d4 cxd4 4.Nxd4 Nf6 5.Nc3 a6 6.Be3 e6 7.f3 Qc7 8.Qd2 Nc6
9.O-O-O Bd7 10.g4 Nxd4 11.Bxd4 Bc6 12.Qe3 Nd7 13.Nd5 Bxd5 14.exd5 e5 15.Bd3 Be7
16.Rhe1 Qd8 17.Bc3 O-O 18.f4 Bh4 19.Qh3 g6 20.Rg1 exf4 21.g5 Bf2 22.Rg4 Be3+
23.Kb1 Ne5 24.Bxe5 dxe5 25.Rh4 Qxg5 26.Rxh7 Qf6 27.Be4 Rfd8 28.Rf1 Bc5 29.Rh4 Rd6
30.Rf3 Bd4 31.Rg4 Kg7 32.Rh4 Kg8 33.Qg4 Rad8 34.Rfh3 Kf8 35.c3 Be3 36.Rh7 Ke7
37.Qe2 b5 38.Qc2 Qg5 39.a4 Rb8 40.Rg7 Rf6 41.Rhh7 Rbb6 42.d6+ Rbxd6 43.Qb3 Qg1+
44.Ka2 Rde6 45.Qd5 Kf8 46.Qd8+ Re8 47.Qxf6  1-0

[Event "Halle (Women)"]
[Site "Halle"]
[Date "1987.??.??"]
[Round "6"]
[White "Burchardt, Brigitte"]
[Black "Baumstark, Gertrude"]
[Result "1/2-1/2"]
[WhiteElo "2280"]
[BlackElo "2225"]

1.e4 c5 2.Nf3 d6 3.d4 Nf6 4.Nc3 cxd4 5.Nxd4 a6 6.Be3 e5 7.Nb3 Be6 8.f3 Nbd7
9.Qd2 b5 10.g4 h6 11.O-O-O Nb6 12.Kb1 Qc7 13.h4 Rc8 14.Rg1 Nfd7 15.Rg2 h5
16.g5 g6 17.Rf2 b4 18.Nd5 Bxd5 19.exd5 Nc4 20.Bxc4 Qxc4 21.Qd3 Bg7 22.f4 Qxd3
23.Rxd3 O-O 24.Bd2  1/2-1/2

[Event "Hamburg-ch"]
[Site "Hamburg"]
[Date "1987.??.??"]
[Round "?"]
[White "Wahls, Matthias"]
[Black "Reddmann, Hauke"]
[Result "0-1"]
[WhiteElo "2440"]
[BlackElo "2290"]

1.e4 c5 2.Nf3 d6 3.d4 cxd4 4.Nxd4 Nf6 5.Nc3 a6 6.Be3 Ng4 7.Bg5 h6 8.Bh4 Nc6
9.Nb3 g5 10.Bg3 Bg7 11.h4 gxh4 12.Rxh4 Nge5 13.f4 Ng6 14.Rh1 Be6 15.Qd2 Bg4
16.Bf2 e6 17.Be3 Bf6 18.Be2 Bh4+ 19.Kf1 Bxe2+ 20.Kxe2 Rg8 21.Rag1 Rc8 22.Nd1 Nce7
23.g3 Bf6 24.Rxh6 Qc7 25.c3 Qc4+ 26.Qd3 Qa4 27.Nc1 d5 28.e5 Nf5 29.Rxg6 Rxg6
30.exf6 Rxg3 31.Rxg3 Nxg3+ 32.Kf3 Nf5 33.Nf2 Kd7 34.b3 Qa5 35.b4 Qa3 36.Nb3 Rg8
37.Ng4 Qxa2 38.Nc5+ Kc7 39.Qd2 Qc4 40.Qd3 Qa2 41.Qd2 Qb1 42.Qc1 Nh4+ 43.Kg3 Qh7
44.f5 Nxf5+ 45.Kf4 Nxe3 46.Nxe3 Qh2+ 47.Kf3 Rg3+  0-1

[Event "Hameln Voba"]
[Site "Hameln"]
[Date "1987.??.??"]
[Round "?"]
[White "Horvath, Tamas"]
[Black "Stangl, Markus"]
[Result "1/2-1/2"]
[WhiteElo "2385"]
[BlackElo "2375"]

1.e4 c5 2.Nf3 d6 3.d4 cxd4 4.Nxd4 Nf6 5.Nc3 a6 6.Be3 e5 7.Nb3 Be6 8.Qd2 Nbd7
9.f4 Qc7 10.f5 Bc4 11.Bxc4 Qxc4 12.Qe2 Qc6 13.Bg5 b5 14.Bxf6 Nxf6 15.O-O-O Be7
16.Kb1 O-O 17.Rd3 Rfc8 18.Rc1 Ra7 19.Nd2 Rac7 20.g4 b4 21.Nd5 Nxd5 22.exd5 Qb6
23.Ne4 h6 24.f6 Bxf6 25.Nxf6+ gxf6 26.Qd2 Rc3 27.Qxh6 Rxd3  1/2-1/2